[Event "HUN-chT 2324"]
[Site "Hungary"]
[Date "2023.10.28"]
[Round "1.1"]
[White "Hracek, Zbynek"]
[Black "Plat, Vojtech"]
[Result "1/2-1/2"]
[WhiteElo "2550"]
[BlackElo "2503"]
[PlyCount "62"]
[EventDate "2023.10.28"]
[EventType "team-tourn"]
[EventRounds "9"]
[EventCountry "HUN"]
[SourceTitle "Mega2024 Update 01"]
[Source "Chessbase"]
[SourceDate "2023.11.12"]
[SourceVersion "1"]
[SourceVersionDate "2023.11.12"]
[SourceQuality "1"]
[WhiteTeam "Haladas"]
[BlackTeam "Biatorbagy"]
[WhiteTeamCountry "HUN"]
[BlackTeamCountry "HUN"]

1. e4 c5 2. Nf3 Nc6 3. d4 cxd4 4. Nxd4 g6 5. c4 Nf6 6. Nc3 Nxd4 7. Qxd4 d6 8. Be3 Bg7 9. Be2 0-0 10. Qd2 Qa5 11. Rc1 Be6 12. f3 Rfc8 13. b3 a6 14. Na4 Qxd2+ 15. Kxd2 Nd7 16. g4 f5 17. exf5 gxf5 18. h3 Rf8 19. f4 Rad8 20. Nc3 d5 21. cxd5 Nf6 22. Bb6 Nxd5 23. Bxd8 Rxd8 24. Nxd5 Bxd5 25. Rh2 Bxb3+ 26. Ke1 Bxa2 27. Bxa6 bxa6 28. Rxa2 Rd4 29. gxf5 Rxf4 30. Rxa6 Rxf5 31. Ke2 Bf6 1/2-1/2

[Event "Bundesliga 2223"]
[Site "Germany"]
[Date "2023.04.29"]
[Round "14.5"]
[White "Hracek, Zbynek"]
[Black "Olsen, Filip Boe"]
[Result "1-0"]
[WhiteElo "2542"]
[BlackElo "2433"]
[PlyCount "113"]
[EventDate "2022.10.21"]
[EventType "team-tourn"]
[EventRounds "15"]
[EventCountry "GER"]
[SourceTitle "CBM 213 Extra"]
[Source "ChessBase"]
[SourceDate "2023.05.31"]
[SourceVersion "1"]
[SourceVersionDate "2023.05.31"]
[SourceQuality "1"]
[WhiteTeam "Werder Bremen"]
[BlackTeam "Kiel Turm"]
[WhiteTeamCountry "GER"]
[BlackTeamCountry "GER"]

1. e4 c6 2. d4 d5 3. e5 Bf5 4. Nf3 e6 5. Be2 Ne7 6. c3 Nd7 7. 0-0 h6 8. Nbd2 g5 9. Ne1 c5 10. Bd3 Qb6 11. dxc5 Nxc5 12. Bxf5 Nxf5 13. Nb3 Nd7 14. Nd4 Nh4 15. Nd3 Ng6 16. f4 gxf4 17. Bxf4 0-0-0 18. Bg3 Bg7 19. Rxf7 Bxe5 20. Nxe5 Ngxe5 21. Re7 Rhg8 22. Qb3 Qc5 23. Qb4 Nd3 24. Qxc5+ N3xc5 25. Nxe6 Rde8 26. Rxe8+ Rxe8 27. Nxc5 Nxc5 28. Re1 Ne4 29. Bf2 a6 30. a4 Kd7 31. Bd4 Ke6 32. Re3 Kf5 33. Rf3+ Kg6 34. g3 Rc8 35. a5 Rc4 36. b4 Rc8 37. Kg2 Re8 38. g4 h5 39. gxh5+ Kxh5 40. Rf5+ Kg4 41. Rxd5 Rc8 42. Rd7 Nxc3 43. h3+ Kf4 44. Rf7+ Ke4 45. Bxc3 Rxc3 46. Rxb7 Rb3 47. h4 Kf4 48. h5 Rb2+ 49. Kh3 Rb3+ 50. Kh4 Rb1 51. Rf7+ Ke5 52. h6 Rxb4+ 53. Kg5 Rb1 54. Re7+ Kd5 55. h7 Rh1 56. Kg6 Kd6 57. Re8 1-0

[Event "CZE-chT1W 2223"]
[Site "Czech Republic"]
[Date "2023.01.15"]
[Round "6.3"]
[White "Hracek, Zbynek"]
[Black "Vlasak, Lukas"]
[Result "1/2-1/2"]
[WhiteElo "2542"]
[BlackElo "2445"]
[PlyCount "37"]
[EventDate "2022.10.09"]
[EventType "team-tourn"]
[EventRounds "11"]
[EventCountry "CZE"]
[SourceTitle "CBM 213 Extra"]
[Source "ChessBase"]
[SourceDate "2023.05.31"]
[SourceVersion "1"]
[SourceVersionDate "2023.05.31"]
[SourceQuality "1"]
[WhiteTeam "Polabiny II"]
[BlackTeam "Ricany Betsys"]
[WhiteTeamCountry "CZE"]
[BlackTeamCountry "CZE"]

1. e4 c5 2. Nf3 d6 3. d4 cxd4 4. Nxd4 Nf6 5. Nc3 Nc6 6. Bg5 e6 7. Qd2 a6 8. 0-0-0 Bd7 9. f3 Nxd4 10. Qxd4 Be7 11. Kb1 Qc7 12. h4 Rc8 13. Bd3 b5 14. Rhe1 h6 15. Bc1 b4 16. Ne2 a5 17. g4 e5 18. Qf2 Be6 19. Ng3 1/2-1/2

[Event "AUT-chT2O 2223"]
[Site "Austria"]
[Date "2022.11.19"]
[Round "3.6"]
[White "Polak, Tomas"]
[Black "Hracek, Zbynek"]
[Result "1/2-1/2"]
[WhiteElo "2502"]
[BlackElo "2542"]
[PlyCount "40"]
[EventDate "2022.10.15"]
[EventType "team-tourn"]
[EventRounds "11"]
[EventCountry "AUT"]
[SourceTitle "CBM 213 Extra"]
[Source "ChessBase"]
[SourceDate "2023.05.31"]
[SourceVersion "1"]
[SourceVersionDate "2023.05.31"]
[SourceQuality "1"]
[WhiteTeam "Hietzing"]
[BlackTeam "Mistelbach/Altlichtenwarth"]
[WhiteTeamCountry "AUT"]
[BlackTeamCountry "AUT"]

1. Nf3 d5 2. c4 d4 3. e3 Nc6 4. b4 dxe3 5. fxe3 Nxb4 6. Nc3 e6 7. d4 Be7 8. Rb1 c5 9. a3 cxd4 10. exd4 Na6 11. Bd3 Nf6 12. 0-0 0-0 13. Bc2 Qa5 14. Nb5 Bd7 15. Qd3 Bc6 16. Bd2 Qd8 17. Nc3 Qd6 18. Nb5 Qd8 19. Nc3 Qd6 20. Nb5 Qd8 1/2-1/2

[Event "CRO-chT1A 30th"]
[Site "Porec"]
[Date "2022.10.01"]
[Round "8.3"]
[White "Bernadskiy, Vitaliy"]
[Black "Hracek, Zbynek"]
[Result "1-0"]
[WhiteElo "2558"]
[BlackElo "2556"]
[PlyCount "75"]
[EventDate "2022.09.24"]
[EventType "team-tourn"]
[EventRounds "9"]
[EventCountry "CRO"]
[SourceTitle "CBM 210 Extra"]
[Source "ChessBase"]
[SourceDate "2022.11.30"]
[SourceVersion "1"]
[SourceVersionDate "2022.11.30"]
[SourceQuality "1"]
[WhiteTeam "Kastel Novi"]
[BlackTeam "Osijek Ferit"]
[WhiteTeamCountry "CRO"]
[BlackTeamCountry "CRO"]

1. e4 e5 2. Nf3 Nc6 3. Bc4 Nf6 4. Ng5 d5 5. exd5 Na5 6. Bb5+ Bd7 7. Qe2 Be7 8. Nc3 0-0 9. Bxd7 Qxd7 10. Nf3 e4 11. Nxe4 Nxd5 12. 0-0 c5 13. d4 c4 14. Bd2 Bb4 15. Ne5 Qc7 16. Bxb4 Nxb4 17. c3 Nd5 18. Nd2 Rac8 19. Qf3 Rcd8 20. Rfe1 b5 21. g3 Nc6 22. a4 a6 23. axb5 axb5 24. Nxc6 Qxc6 25. Nf1 g6 26. Ne3 Qf6 27. Kg2 Qxf3+ 28. Kxf3 Nf6 29. Ra5 Rb8 30. Ng4 Rb6 31. Nxf6+ Rxf6+ 32. Kg2 Rb8 33. Re5 Rfb6 34. Re7 Rf6 35. Raa7 Rd8 36. Rab7 Rf5 37. g4 Rg5 38. h3 1-0

[Event "CRO-chT1A 30th"]
[Site "Porec"]
[Date "2022.09.26"]
[Round "3.1"]
[White "Banusz, Tamas"]
[Black "Hracek, Zbynek"]
[Result "1/2-1/2"]
[WhiteElo "2622"]
[BlackElo "2556"]
[PlyCount "78"]
[EventDate "2022.09.24"]
[EventType "team-tourn"]
[EventRounds "9"]
[EventCountry "CRO"]
[SourceTitle "CBM 210 Extra"]
[Source "ChessBase"]
[SourceDate "2022.11.30"]
[SourceVersion "1"]
[SourceVersionDate "2022.11.30"]
[SourceQuality "1"]
[WhiteTeam "Rijeka Liburnija"]
[BlackTeam "Osijek Ferit"]
[WhiteTeamCountry "CRO"]
[BlackTeamCountry "CRO"]

1. d4 d5 2. Nf3 Nf6 3. g3 c5 4. Bg2 cxd4 5. 0-0 Nc6 6. Nxd4 e5 7. Nxc6 bxc6 8. c4 Be6 9. Nc3 Rc8 10. cxd5 cxd5 11. Qa4+ Qd7 12. Qxd7+ Kxd7 13. Rd1 Bc5 14. Na4 Be7 15. Bg5 Rhd8 16. Bxf6 Bxf6 17. Bxd5 Ke7 18. Bxe6 Rxd1+ 19. Rxd1 Kxe6 20. Nc3 Be7 21. Kf1 f5 22. e3 Bb4 23. Rc1 Bxc3 24. bxc3 Rc4 25. Rb1 Ra4 26. Rb2 g5 27. Rb7 g4 28. Rxh7 Rxa2 29. c4 Rc2 30. Rh6+ Kf7 31. Rh7+ Ke6 32. Rxa7 Rxc4 33. Ra6+ Kf7 34. Kg2 f4 35. gxf4 exf4 36. Rh6 Re4 37. exf4 Rxf4 38. Kf1 Kg7 39. Rd6 Re4 1/2-1/2

[Event "CRO-chT1A 30th"]
[Site "Porec"]
[Date "2022.09.24"]
[Round "1.2"]
[White "Livaic, Leon"]
[Black "Hracek, Zbynek"]
[Result "1-0"]
[WhiteElo "2565"]
[BlackElo "2556"]
[PlyCount "131"]
[EventDate "2022.09.24"]
[EventType "team-tourn"]
[EventRounds "9"]
[EventCountry "CRO"]
[SourceTitle "CBM 210 Extra"]
[Source "ChessBase"]
[SourceDate "2022.11.30"]
[SourceVersion "1"]
[SourceVersionDate "2022.11.30"]
[SourceQuality "1"]
[WhiteTeam "Solin Cemex"]
[BlackTeam "Osijek Ferit"]
[WhiteTeamCountry "CRO"]
[BlackTeamCountry "CRO"]

1. e4 c5 2. Nf3 e6 3. d4 cxd4 4. Nxd4 Nf6 5. Nc3 Nc6 6. Nxc6 bxc6 7. e5 Nd5 8. Ne4 Qc7 9. f4 Qb6 10. c4 Bb4+ 11. Ke2 f5 12. Nf2 Ne7 13. Nd3 Bc5 14. Nxc5 Qxc5 15. b3 a5 16. Be3 Qb4 17. Qd6 Qxd6 18. exd6 Ng8 19. Kd2 Nf6 20. Bd3 Rg8 21. h3 h5 22. h4 c5 23. Bxc5 Bb7 24. Rhe1 Kf7 25. g3 Rgc8 26. Bd4 Rc6 27. c5 Ba6 28. Bxa6 Raxa6 29. Bxf6 gxf6 30. Rec1 Rc8 31. a3 Rb8 32. Rab1 e5 33. b4 axb4 34. axb4 Ke6 35. Kc3 Ra4 36. Kc4 Rb7 37. Rc3 Rb8 38. Rb2 Rb7 39. Rd3 Rb8 40. Kc3 Rb7 41. Rd1 Rb8 42. Rb3 Rc8 43. Rd2 Rb8 44. Rd3 Rc8 45. Rb1 Rb8 46. Rb2 Rc8 47. Kb3 Rca8 48. Rb1 Ra3+ 49. Kc4 R3a4 50. Kc3 Rb8 51. Rdd1 Ra3+ 52. Rb3 Ra4 53. Rd2 Rba8 54. fxe5 fxe5 55. Kc4 Rb8 56. Re2 Rb7 57. Rd2 Rb8 58. Rbb2 Rb7 59. Kc3 Rb8 60. b5 Rc8 61. Kb3 Rg4 62. c6 Rxg3+ 63. Kc2 e4 64. c7 e3 65. b6 exd2 66. b7 1-0

[Event "POL-chT 1st League"]
[Site "Sypniewo"]
[Date "2022.09.09"]
[Round "7.2"]
[White "Piesik, Piotr"]
[Black "Hracek, Zbynek"]
[Result "1/2-1/2"]
[WhiteElo "2431"]
[BlackElo "2556"]
[PlyCount "47"]
[EventDate "2022.09.03"]
[EventType "team-swiss"]
[EventRounds "9"]
[EventCountry "POL"]
[SourceTitle "CBM 210 Extra"]
[Source "ChessBase"]
[SourceDate "2022.11.30"]
[SourceVersion "1"]
[SourceVersionDate "2022.11.30"]
[SourceQuality "1"]
[WhiteTeam "Rybnik"]
[BlackTeam "Raciborz Silesia"]
[WhiteTeamCountry "POL"]
[BlackTeamCountry "POL"]

1. d4 Nf6 2. c4 e6 3. Nc3 d5 4. Bf4 c5 5. e3 cxd4 6. exd4 Bb4 7. c5 Nc6 8. Nge2 Ne4 9. a3 Nxc3 10. Nxc3 Bxc3+ 11. bxc3 Qa5 12. Bd2 0-0 13. Bd3 e5 14. 0-0 e4 15. Be2 Be6 16. a4 Qc7 17. Qc1 Qd7 18. Rb1 Na5 19. Bf4 Nc4 20. Rb4 b6 21. cxb6 axb6 22. Qc2 Qc6 23. Re1 h6 24. h4 1/2-1/2

[Event "Prague Challengers 4th"]
[Site "Prague"]
[Date "2022.06.16"]
[Round "8"]
[White "Hracek, Zbynek"]
[Black "Warmerdam, Max"]
[Result "0-1"]
[WhiteElo "2564"]
[BlackElo "2613"]
[PlyCount "110"]
[EventDate "2022.06.08"]
[EventType "tourn"]
[EventRounds "9"]
[EventCountry "CZE"]
[EventCategory "15"]
[SourceTitle "CBM 209"]
[Source "ChessBase"]
[SourceDate "2022.08.31"]
[SourceVersion "1"]
[SourceVersionDate "2022.08.31"]
[SourceQuality "1"]

1. e4 c5 2. Nf3 d6 3. d4 cxd4 4. Nxd4 Nf6 5. Nc3 a6 6. f3 e5 7. Nb3 Be7 8. Be3 h5 9. Qd2 Nbd7 10. Nd5 Nxd5 11. exd5 Nf6 12. Be2 Bf5 13. a4 0-0 14. 0-0 h4 15. c4 a5 16. c5 dxc5 17. Rfd1 Bd6 18. Rac1 b6 19. Bg5 h3 20. Rc4 Re8 21. Bd3 e4 22. Bxe4 Bxe4 23. fxe4 Qe7 24. gxh3 Nxe4 25. Bxe7 Nxd2 26. Nxd2 Rxe7 27. Re4 Rxe4 28. Nxe4 Be5 29. Kg2 Rd8 30. Rd2 f5 31. Nc3 Kf7 32. Nb5 Kf6 33. b3 Bd4 34. d6 Be5 35. h4 Ke6 36. Nc7+ Kd7 37. Nb5 Rh8 38. Rd5 Bf6 39. Rxf5 Rxh4 40. Rf2 Rb4 41. Rf3 c4 42. bxc4 Rxa4 43. Rf4 Ra2+ 44. Kf3 Rxh2 45. Rf5 Rc2 46. Rf4 a4 47. Re4 Kc6 48. Rf4 Rd2 49. Re4 Rc2 50. Rf4 Rh2 51. Ke4 Rh4 52. Nd4+ Kc5 53. Rxh4 Bxh4 54. Kd3 Bf6 55. Nb5 Kc6 0-1

[Event "Prague Challengers 4th"]
[Site "Prague"]
[Date "2022.06.15"]
[Round "7"]
[White "Niemann, Hans Moke"]
[Black "Hracek, Zbynek"]
[Result "1-0"]
[WhiteElo "2678"]
[BlackElo "2564"]
[PlyCount "67"]
[EventDate "2022.06.08"]
[EventType "tourn"]
[EventRounds "9"]
[EventCountry "CZE"]
[EventCategory "15"]
[SourceTitle "CBM 209"]
[Source "ChessBase"]
[SourceDate "2022.08.31"]
[SourceVersion "1"]
[SourceVersionDate "2022.08.31"]
[SourceQuality "1"]

1. e4 c5 2. Nf3 d6 3. d4 cxd4 4. Nxd4 Nf6 5. Nc3 a6 6. Bg5 e6 7. f4 Be7 8. Qf3 Nbd7 9. 0-0-0 h6 10. Bxf6 Bxf6 11. Bc4 0-0 12. g4 b5 13. e5 Bxe5 14. fxe5 d5 15. Bb3 Nxe5 16. Qg3 Nc4 17. h4 Qd6 18. Qf3 Rb8 19. g5 h5 20. Kb1 g6 21. Rhe1 Bd7 22. Qf6 Rb6 23. Nf3 a5 24. Qd4 Qc7 25. Bxc4 bxc4 26. Ne5 Rfb8 27. Nxf7 Kxf7 28. Qf6+ Ke8 29. Qh8+ Kf7 30. Qh7+ Kf8 31. Rf1+ Ke8 32. Qxg6+ Ke7 33. Nxd5+ exd5 34. Rf7+ 1-0

[Event "Prague Challengers 4th"]
[Site "Prague"]
[Date "2022.06.08"]
[Round "1"]
[White "Keymer, Vincent"]
[Black "Hracek, Zbynek"]
[Result "1-0"]
[WhiteElo "2675"]
[BlackElo "2564"]
[PlyCount "85"]
[EventDate "2022.06.08"]
[EventType "tourn"]
[EventRounds "9"]
[EventCountry "CZE"]
[EventCategory "15"]
[SourceTitle "CBM 209"]
[Source "ChessBase"]
[SourceDate "2022.08.31"]
[SourceVersion "1"]
[SourceVersionDate "2022.08.31"]
[SourceQuality "1"]

1. Nf3 d5 2. g3 Nd7 3. d4 Ngf6 4. Bg2 e6 5. a4 c5 6. 0-0 b6 7. c4 Bb7 8. cxd5 exd5 9. a5 Be7 10. a6 Bc6 11. Ne5 Nxe5 12. dxe5 Nd7 13. Nc3 Nxe5 14. Nxd5 Rc8 15. Bf4 Ng6 16. Ra3 Bxd5 17. Rd3 Nxf4 18. gxf4 0-0 19. Rxd5 Qe8 20. Bh3 Rc7 21. Bd7 Qb8 22. Qa4 c4 23. e3 c3 24. bxc3 Rxc3 25. Rfd1 Rc5 26. Qe4 Rxd5 27. Qxd5 Rd8 28. Qb7 b5 29. Kg2 b4 30. Ba4 Qxb7+ 31. axb7 Rb8 32. Rd7 Kf8 33. e4 g6 34. Kf3 Ke8 35. Ke2 b3 36. Kd3 a5 37. e5 Bb4 38. f3 h5 39. Rc7+ Kd8 40. Rd7+ Ke8 41. h3 h4 42. f5 gxf5 43. f4 1-0

[Event "CZE-ch"]
[Site "Usti nad Labem"]
[Date "2022.05.21"]
[Round "8"]
[White "Hracek, Zbynek"]
[Black "Kraus, Tomas"]
[Result "1/2-1/2"]
[WhiteElo "2570"]
[BlackElo "2472"]
[PlyCount "79"]
[EventDate "2022.05.14"]
[EventType "swiss"]
[EventRounds "9"]
[EventCountry "CZE"]
[SourceTitle "CBM 208 Extra"]
[Source "ChessBase"]
[SourceDate "2022.07.31"]
[SourceVersion "1"]
[SourceVersionDate "2022.07.31"]
[SourceQuality "1"]

1. e4 c5 2. Nf3 e6 3. d4 cxd4 4. Nxd4 Nf6 5. Nc3 Nc6 6. Be2 d5 7. exd5 Nxd5 8. Nxc6 bxc6 9. Ne4 Be7 10. c4 Nf6 11. Qxd8+ Bxd8 12. Bf3 Nxe4 13. Bxe4 Bb7 14. Be3 Bb6 15. c5 Ba5+ 16. Ke2 0-0-0 17. Rhd1 Ba6+ 18. Kf3 Kb7 19. b4 Bc7 20. a4 Bc4 21. b5 Bd5 22. Bxd5 exd5 23. Bd4 f6 24. b6 axb6 25. cxb6 Be5 26. a5 Ra8 27. Bxe5 fxe5 28. Ke2 Rhf8 29. Rd3 Rf7 30. Re3 Re8 31. Rc3 Ra8 32. Raa3 Raf8 33. f3 g5 34. Rcb3 Ra8 35. Ra4 Ka6 36. h4 gxh4 37. Rxh4 Rg8 38. Kf2 e4 39. Rb2 Rfg7 40. Ke3 1/2-1/2